01474nam a22003137a 4500003000900000001000800009007000300017008003600020090001400056942000700070040003800077245012000115300001200235955000600247041000800253080000800261260000900269044000700278650000800285999001900293952010600312952010600418952010600524952010600630952010600736952010600842952010600948952010601054UA-OsUOA 28571 ta20050411b un ||||| |||| 00| 0 ukr d a378bН34 cBK aUA-OsUOAbukrcUA-OsUOAdUA-OsUOA aОсвіта і наука: творчий потенціал державо- і культуротворення a672 с. a0 aukr a378 c2004 aUA 72UDC c314940d314940 00102udc4070a102b102d2005-04-11i84601l0o378 Н34p84601r2022-02-07 00:00:00w2005-04-11yBK 00102udc4070a101b101d2005-04-11i84631l0o378 Н34p84631r2021-12-21 00:00:00w2005-04-11yBK 00102udc4070a101b101d2005-04-11i84632l0o378 Н34p84632r2021-12-21 00:00:00w2005-04-11yBK 00102udc4070a101b101d2005-04-11i84633l0o378 Н34p84633r2021-12-21 00:00:00w2005-04-11yBK 00102udc4070a101b101d2005-04-11i84634l0o378 Н34p84634r2021-12-21 00:00:00w2005-04-11yBK 00102udc4070a101b101d2005-04-11i84635l0o378 Н34p84635r2021-12-21 00:00:00w2005-04-11yBK 00102udc4070a102b102d2005-05-17i85147l0o378 Н34p85147r2022-02-07 00:00:00w2005-04-11yBK 00102udc4070a101b101d2005-05-16i85198l0o378 Н34p85198r2021-12-21 00:00:00w2005-04-11yBK